000 01493nam0a22002771 4500
001 rc\3756216
005 20250610112252.0
021 _aRU
_b[70-1736]
035 _a(NLR Aleph) 007876375
090 _a7890298
_c7890298
100 _a20130115d1969 |||y0rusy50 ca
101 0 _arus
102 _aRU
105 _aa z |||||
200 1 _aСферы, методика и эффективность применения обучающих и контролирующих устройств
_e[Сборник докладов]
_fПод ред. А.Г. Молибога
_gПед. о-во РСФСР. Центр. совет секции техн. средств и программир. обучения. [Пятая Всерос. конференция по применению техн. средств и программир. обучения. Июнь 1969 г.]. Симпозиум № 13
210 _aМосква
_cПедагогика
_d1969
215 _a149 с.
_cчерт.
_d20
300 _aНа обл. только надзаголовок
606 _aМетодика преподавания
_xИспользование технических средств
_jСборники
_2psbo
606 _aПрограммированное обучение
_jСборники
_2psbo
702 1 _aМолибог
_bА.Г.
_gАлександр Григорьевич
_4340
801 0 _aRU
_bNLR
_gpsbo
801 1 _aRU
_bELAR
_2rusmarc
852 _aNLR
_j69-3/10557
942 _cBOOK
980 _aNB